|
|
|
|
| LEADER |
01111nam a2200253 a 4500 |
| 001 |
2751816 |
| 008 |
090511s1978 pk abf b 001 0 eng d |
| 999 |
|
|
|c 569
|d 569
|
| 010 |
|
|
|a 78907217
|
| 040 |
|
|
|a DLC
|c DLC
|d DLC
|
| 082 |
0 |
0 |
|a 338.1/095492
|2 18
|
| 245 |
0 |
0 |
|a Irrigation technologies in Bangladesh :
|b a study in some selected areas /
|c Muhammad Abdul Hamid ... [et al.].
|
| 260 |
|
|
|a Rajshahi :
|b Dept. of Economics, Rajshahi University,
|c 1978.
|
| 300 |
|
|
|a xviii, 308 p., [3] leaves of plates :
|b ill., maps ;
|c 22 cm.
|
| 504 |
|
|
|a Includes bibliographical references and index.
|
| 541 |
1 |
|
|e 00000273
|
| 650 |
|
0 |
|a Irrigation
|z Bangladesh.
|9 22607
|
| 650 |
|
0 |
|a Irrigation farming
|x Economic aspects
|z Bangladesh.
|9 22608
|
| 650 |
|
0 |
|a Farm income
|z Bangladesh.
|9 22609
|
| 650 |
|
0 |
|a Agricultural productivity
|z Bangladesh.
|9 22610
|
| 700 |
1 |
|
|a Hamid, Muhammad Abdul.
|9 22611
|
| 852 |
4 |
|
|a <add library>
|j <shelf mark>
|
| 942 |
|
|
|2 ddc
|c BK
|
| 952 |
|
|
|0 0
|1 0
|2 ddc
|4 0
|6 338_109549200000000_IRR_1978
|7 0
|9 519
|a BRACUL
|b BRACUL
|c GEN
|d 2009-05-11
|g 52.00
|l 1
|m 2
|o 338.1095492 IRR
|p 3010000273
|r 2014-05-28
|s 2014-04-27
|t 1
|w 2009-05-11
|y BK
|